The life of mammals / (Record no. 136618)

MARC details
000 -LEADER
fixed length control field 00585nam a22002057a 4500
010 ## - LIBRARY OF CONGRESS CONTROL NUMBER
LC control number A-055529
035 ## - SYSTEM CONTROL NUMBER
System control number A-055529
037 ## - SOURCE OF ACQUISITION
Source of stock number/acquisition Cen Lib / Ret
040 ## - CATALOGING SOURCE
Original cataloging agency DPL
Language of cataloging EN
082 ## - DEWEY DECIMAL CLASSIFICATION NUMBER
Classification number 599
Item number MAT
100 ## - MAIN ENTRY--PERSONAL NAME
Personal name Matthews, L. Harrison
245 ## - TITLE STATEMENT
Title The life of mammals /
Statement of responsibility, etc by L. Harrison Matthews
260 ## - PUBLICATION, DISTRIBUTION, ETC. (IMPRINT)
Place of publication, distribution, etc London
Name of publisher, distributor, etc Weidenfeld and Nicolson
Date of publication, distribution, etc 1969
270 ## - ADDRESS
Address 5 Winsley Street
City London
300 ## - PHYSICAL DESCRIPTION
Extent (v 1. 332p)
Other physical details 24cm(hb)
490 ## - SERIES STATEMENT
Series statement Universe natural history series.
650 ## - SUBJECT ADDED ENTRY--TOPICAL TERM
Topical term or geographic name as entry element Mammals.
650 ## - SUBJECT ADDED ENTRY--TOPICAL TERM
Topical term or geographic name as entry element Mammals -- Handbook
942 ## - ADDED ENTRY ELEMENTS (KOHA)
Source of classification or shelving scheme Dewey Decimal Classification
Koha item type English Books
Classification part 599
Call number suffix MAT
Holdings
Withdrawn status Lost status Materials specified (bound volume or other part) Damaged status Not for loan Home library Current library Date acquired Source of acquisition Total Checkouts Full call number Barcode Date last seen Copy number Price effective from Koha item type Public note
Written off   v 1     Central Library Central Library 05/03/2016 Cen Lib/Ret   599 MAT A-055529 05/03/2016 1 05/03/2016 English Books Written off on approval by DLB (By Circulation); dtd 15-06-2023

© Delhi Public Library
Hit Counter
free hit counter